000 00668cam a2200229 4500
001 J223
008 090401t1991 xxu||||| |||| 00| 0 eng d
035 _a(Sirsi) u73885
041 _aeng
050 _a331.281333
110 _aSurveyors Appointments Service (MacLeay`s) Limited
_92891
245 _aSalary survey 1st January - 31st August 1991.
260 _aLondon
_bSurveyors Appointments Services (MacLeay
_c1991
300 _a10 leaves ; 30cm.
350 _a100
650 _aABOUT RICS-RICS MEMBERS
650 _aSALARIES
650 _aSURVEYORS
690 _aMANAGEMENT-BUSINESS MANAGEMENT-PROFESSIONAL PRACTICE
942 _n0
948 _c04/03/1997
999 _c95729
_d95729